[Event "I Open Alfa Lum A"]
[Site "Cagliari ITA"]
[Date "2009.08.30"]
[Round "6"]
[White "Di Pinto, Vincenzo"]
[Black "Sitzia, Carlo"]
[Result "1-0"]
[WhiteElo "1571"]
[BlackElo "1487"]
[PlyCount "59"]
[EventDate "2009.08.28"]

1. e4 e6 2. b3 d5 3. Nc3 Bb4 4. Nge2 c5 5. e5 Ne7 6. Nb5 O-O 7. Nd6 Nbc6 8.
Nxc8 Rxc8 9. Bb2 Ng6 10. f4 d4 11. g3 Qd5 12. Rg1 Qd7 13. h4 h5 14. c3 dxc3 15.
dxc3 Qxd1+ 16. Rxd1 Ba5 17. Rd7 b5 18. a3 a6 19. Bg2 Nge7 20. Bf3 g6 21. g4
hxg4 22. Rxg4 Kh7 23. Be4 f5 24. exf6 Rxf6 25. h5 Kh6 26. hxg6 Nxg6 27. b4 cxb4
28. cxb4 Bb6 29. Bxf6 Nf8 30. Rh4# 1-0

[Event "I Open Alfa Lum A"]
[Site "Cagliari ITA"]
[Date "2009.08.30"]
[Round "6"]
[White "Lobina, Paolo"]
[Black "Lobina, Giulio"]
[Result "1/2-1/2"]
[WhiteElo "1767"]
[BlackElo "1775"]
[PlyCount "93"]
[EventDate "2009.08.28"]

1. c4 Nf6 2. d4 e6 3. e3 Bb4+ 4. Bd2 Qe7 5. Nc3 Bxc3 6. Bxc3 b6 7. Nf3 Bb7 8.
Be2 Ne4 9. Qc2 O-O 10. O-O a5 11. Rfd1 d5 12. Nd2 Nxd2 13. Qxd2 dxc4 14. Bxc4
Rd8 15. Qe2 Na6 16. Qg4 Bd5 17. Bxd5 Rxd5 18. e4 Rg5 19. Qe2 Nb4 20. a3 Nc6 21.
f4 Rg6 22. Qf3 Rd8 23. e5 Rd5 24. f5 Rh6 25. fxe6 Qxe6 26. Qf4 Rg6 27. h3 h6
28. Kh2 Rg5 29. Rd2 Nd8 30. Rf2 c6 31. Qf3 Qg6 32. Qe2 a4 33. Qa6 b5 34. Qc8
Kh7 35. Ba5 Ne6 36. Qxc6 Rxd4 37. Rxf7 Re4 38. Raf1 Rexe5 39. Bc3 Ref5 40.
R1xf5 Rxf5 41. Re7 Qg5 42. Qxe6 Qf4+ 43. Kg1 Qf2+ 44. Kh2 Qf4+ 45. Kg1 Qf2+ 46.
Kh2 Qf4+ 47. Kg1 1/2-1/2

[Event "I Open Alfa Lum A"]
[Site "Cagliari ITA"]
[Date "2009.08.30"]
[Round "6"]
[White "Maldarelli, Lorenzo"]
[Black "Massa, Gianluca"]
[Result "1-0"]
[WhiteElo "1798"]
[BlackElo "1545"]
[PlyCount "113"]
[EventDate "2009.08.28"]

1. d4 e6 2. c4 d5 3. Nc3 Nf6 4. Bg5 Be7 5. Bxf6 Bxf6 6. e3 b6 7. Nf3 Bb7 8.
cxd5 exd5 9. Bd3 Nd7 10. Rc1 c5 11. dxc5 bxc5 12. h4 a6 13. Bb1 d4 14. exd4
Qe7+ 15. Kf1 cxd4 16. Ne4 Bxe4 17. Qa4 Bd5 18. Re1 Be6 19. Nxd4 Bxd4 20. Qxd4
Qf6 21. Qe4 Rb8 22. Rh3 g6 23. Rc3 O-O 24. h5 Rxb2 25. Rf3 Bf5 26. Qa4 Qb6 27.
Bxf5 gxf5 28. Qxd7 Qb5+ 29. Qxb5 Rxb5 30. h6 f6 31. g3 Kf7 32. Rf4 Rg8 33. Rc1
Kg6 34. Rc6 a5 35. Rh4 Rb1+ 36. Kg2 Ra1 37. Ra4 Kxh6 38. Rxf6+ Rg6 39. Rxf5 Rg5
40. Rfxa5 Rxa5 41. Rxa5 Kg6 42. a4 Ra3 43. Ra7 Kf6 44. f3 Ra2+ 45. Kh3 Ra1 46.
Kg4 Rc1 47. f4 Rc4 48. Ra6+ Kg7 49. a5 Rc5 50. Kh4 Rc4 51. Ra7+ Kg6 52. a6 Ra4
53. Ra8 Ra1 54. a7 Kg7 55. f5 Kf7 56. Rh8 Kg7 57. a8=Q 1-0

[Event "I Open Alfa Lum A"]
[Site "Cagliari ITA"]
[Date "2009.08.30"]
[Round "6"]
[White "Masala, Diego"]
[Black "Rocco, Luciano"]
[Result "1-0"]
[WhiteElo "1464"]
[BlackElo "1506"]
[PlyCount "37"]
[EventDate "2009.08.28"]

1. e4 c6 2. d4 d5 3. e5 Bf5 4. f4 e6 5. c4 c5 6. Be3 cxd4 7. Bxd4 Nc6 8. Nf3
Nxd4 9. Nxd4 Bb4+ 10. Nc3 Be4 11. Qa4+ b5 12. Qxb5+ Qd7 13. Qxb4 Ne7 14. Nxe4
dxe4 15. Qd6 Rd8 16. Qxd7+ Rxd7 17. Rd1 h5 18. c5 h4 19. Bb5 1-0

[Event "I Open Alfa Lum A"]
[Site "Cagliari ITA"]
[Date "2009.08.30"]
[Round "6"]
[White "Nessi, Davide"]
[Black "Toniolo, Massimo"]
[Result "0-1"]
[WhiteElo "1584"]
[BlackElo "1674"]
[PlyCount "100"]
[EventDate "2009.08.28"]

1. d4 Nf6 2. c4 c5 3. d5 b5 4. Nc3 bxc4 5. e4 d6 6. Bxc4 g6 7. Nge2 Bg7 8. O-O
O-O 9. Ng3 a5 10. f4 Nfd7 11. Re1 Ba6 12. Nb5 Qb6 13. a4 Bxb5 14. axb5 Qd8 15.
Bb3 Qb6 16. Bc4 Qa7 17. Ra2 Nb6 18. b3 N8d7 19. Bb2 Bxb2 20. Rxb2 a4 21. Ra2
Qb7 22. Qc2 axb3 23. Bxb3 Rxa2 24. Bxa2 Ra8 25. h4 Qa7 26. Bb1 Qa5 27. Re3 Qxb5
28. h5 Ra1 29. Rb3 Qc4 30. Qb2 Qd4+ 31. Qxd4 cxd4 32. Kf2 Kg7 33. hxg6 hxg6 34.
Ne2 Nc4 35. Bd3 Ra4 36. Bxc4 Rxc4 37. Rd3 Nc5 38. Ra3 Nxe4+ 39. Kf3 Nf6 40. Ra7
Nxd5 41. Ke4 Nc3+ 42. Kd3 Ra4 43. Rxe7 Nxe2 44. Rxe2 Kf6 45. g4 d5 46. Re1 Ra3+
47. Kxd4 Ra4+ 48. Ke3 Re4+ 49. Kd2 Rxe1 50. Kxe1 g5 0-1

[Event "I Open Alfa Lum A"]
[Site "Cagliari ITA"]
[Date "2009.08.30"]
[Round "6"]
[White "Palmas, Alessandro"]
[Black "Puzzoni, Christian"]
[Result "1/2-1/2"]
[WhiteElo "1820"]
[BlackElo "2101"]
[PlyCount "61"]
[EventDate "2009.08.28"]

1. d4 Nf6 2. Nf3 c5 3. e3 g6 4. Bd3 Bg7 5. O-O d6 6. b3 Nc6 7. Bb2 O-O 8. Re1
Qc7 9. a3 Bg4 10. dxc5 dxc5 11. h3 Bxf3 12. Qxf3 Ne5 13. Qe2 h5 14. Nd2 Nfg4
15. Bxe5 Nxe5 16. Rab1 Rfd8 17. Nf3 Nxd3 18. cxd3 Qa5 19. a4 b5 20. axb5 Qxb5
21. d4 Qxe2 22. Rxe2 cxd4 23. exd4 e6 24. Rd2 Rd5 25. Rbd1 a5 26. Kf1 Rad8 27.
Ke2 Kf8 28. Rd3 Ke7 29. R1d2 f5 30. g3 Rb8 31. Rc2 1/2-1/2

[Event "I Open Alfa Lum A"]
[Site "Cagliari ITA"]
[Date "2009.08.30"]
[Round "6"]
[White "Pani, Luca"]
[Black "Sotgiu, Roberto"]
[Result "1/2-1/2"]
[WhiteElo "1500"]
[BlackElo "1726"]
[PlyCount "47"]
[EventDate "2009.08.28"]

1. d4 d5 2. Nf3 Nf6 3. e3 g6 4. Bd3 Bg7 5. O-O O-O 6. Nbd2 Nbd7 7. a4 c5 8. c3
cxd4 9. exd4 Re8 10. Re1 e5 11. Nxe5 Nxe5 12. Rxe5 Rxe5 13. dxe5 Ng4 14. Nf3
Nxe5 15. Nxe5 Bxe5 16. Be3 Qd6 17. g3 d4 18. Bxd4 Bxd4 19. cxd4 Qxd4 20. Bc2
Qxd1+ 21. Rxd1 Be6 22. Rd2 Re8 23. Rd1 Ra8 24. Rd2 1/2-1/2

[Event "I Open Alfa Lum A"]
[Site "Cagliari ITA"]
[Date "2009.08.30"]
[Round "6"]
[White "Pili, Giangiuseppe"]
[Black "Costa, Gabriele"]
[Result "1-0"]
[WhiteElo "1698"]
[BlackElo "1320"]
[PlyCount "55"]
[EventDate "2009.08.28"]

1. d4 e5 2. dxe5 Nc6 3. Nf3 f6 4. e6 d5 5. Nd4 Nxd4 6. Qxd4 Bxe6 7. Nc3 c5 8.
Qd1 Qd6 9. g3 O-O-O 10. Bg2 Ne7 11. O-O h5 12. h4 g5 13. hxg5 f5 14. Nb5 Qb6
15. a4 h4 16. Bf4 Ng6 17. Bc7 Qc6 18. Nxa7+ Kxc7 19. Nxc6 Kxc6 20. e4 h3 21.
exd5+ Bxd5 22. Bxd5+ Rxd5 23. Qf3 f4 24. Rad1 h2+ 25. Kh1 Ne7 26. c4 fxg3 27.
cxd5+ Kb6 28. Qf6+ 1-0

[Event "I Open Alfa Lum A"]
[Site "Cagliari ITA"]
[Date "2009.08.30"]
[Round "6"]
[White "Putzolu, Marcello"]
[Black "Cerioni, Armando"]
[Result "0-1"]
[WhiteElo "1872"]
[BlackElo "1987"]
[PlyCount "84"]
[EventDate "2009.08.28"]

1. e4 e6 2. d4 d5 3. Nd2 Nc6 4. c3 e5 5. Ngf3 exd4 6. cxd4 dxe4 7. Nxe4 Bb4+ 8.
Bd2 Qe7 9. Qe2 Bg4 10. Bc3 Nxd4 11. Qd3 Bxf3 12. gxf3 O-O-O 13. Be2 Bxc3+ 14.
Nxc3 Nxe2 15. Qxe2 Re8 16. Qxe7 Rxe7+ 17. Kd2 Nf6 18. Rhg1 Rd8+ 19. Kc2 g6 20.
Rad1 Red7 21. Rxd7 Rxd7 22. Re1 Kd8 23. Re5 Rd4 24. Ne4 Rd5 25. Rxd5+ Nxd5 26.
a3 Nf4 27. Kc3 Ke7 28. Kd4 f5 29. Ng3 Kd6 30. Kc4 c5 31. b4 cxb4 32. axb4 Nh3
33. Nh1 f4 34. Kd4 Ng5 35. h4 Ne6+ 36. Ke4 a6 37. Kd3 Kd5 38. Kc3 b6 39. Kd3 a5
40. bxa5 bxa5 41. Kc3 Nc5 42. Kb2 Kd4 0-1

[Event "I Open Alfa Lum A"]
[Site "Cagliari ITA"]
[Date "2009.08.30"]
[Round "6"]
[White "Saccheri, Fabio"]
[Black "Me, Gianantonio"]
[Result "1/2-1/2"]
[WhiteElo "1742"]
[BlackElo "1978"]
[PlyCount "98"]
[EventDate "2009.08.28"]

1. d4 d5 2. Nf3 Nf6 3. g3 c6 4. c4 e6 5. Bg2 Bd6 6. O-O Nbd7 7. Nc3 a6 8. Qc2
O-O 9. e4 dxe4 10. Ng5 Be7 11. Ngxe4 Nxe4 12. Nxe4 Nf6 13. Rd1 Bd7 14. Bf4 Nxe4
15. Bxe4 h6 16. Rac1 Qa5 17. a3 Qh5 18. Qb3 e5 19. Bf3 Qf5 20. Bxe5 Be6 21. Bg2
b5 22. Qf3 Qxf3 23. Bxf3 Bxc4 24. Bxc6 Rad8 25. d5 Bd6 26. Bxd6 Rxd6 27. Rd2
Rfd8 28. Rdc2 Bxd5 29. Bxd5 Rxd5 30. Rc8 Rxc8 31. Rxc8+ Kh7 32. Rc2 a5 33. Kg2
a4 34. Re2 Rd3 35. Re4 Rb3 36. Rb4 Rxb4 37. axb4 Kg6 38. Kf3 Kf5 39. Ke3 Ke5
40. Kd3 Kd5 41. h3 h5 42. f3 f6 43. g4 hxg4 44. hxg4 g5 45. Kc3 Ke5 46. Kd3 Kf4
47. Ke2 Kg3 48. Ke3 Kg2 49. Ke2 Kh3 1/2-1/2

[Event "I Open Alfa Lum A"]
[Site "Cagliari ITA"]
[Date "2009.08.30"]
[Round "6"]
[White "Serra, Mattia"]
[Black "Ravagnani, Tiziano"]
[Result "0-1"]
[WhiteElo "1518"]
[BlackElo "2053"]
[PlyCount "72"]
[EventDate "2009.08.28"]

1. d4 Nf6 2. c4 g6 3. Nc3 d5 4. cxd5 Nxd5 5. e4 Nxc3 6. bxc3 Bg7 7. Bc4 O-O 8.
Ne2 c5 9. e5 Nc6 10. O-O Bg4 11. f3 Bf5 12. Be3 Na5 13. Bd3 Bxd3 14. Qxd3 Bxe5
15. Qb5 cxd4 16. Qxe5 dxe3 17. Qxe3 Nc4 18. Qf4 b5 19. a4 Qb6+ 20. Kh1 e5 21.
Qg5 f6 22. Qc1 a6 23. axb5 axb5 24. Rb1 Ra2 25. Re1 Qf2 26. Qd1 Ne3 27. Qb3+
Kg7 28. Rg1 Qxe2 29. Rbe1 Qc4 30. Qb1 Re2 31. Rc1 Rd8 32. Qa1 Ra2 33. Qb1 Rdd2
34. Rce1 Nxg2 35. Re4 Nf4 36. Rxg6+ hxg6 0-1

[Event "Open Sociale del Cusio"]
[Site "Omegna ITA"]
[Date "2009.12.11"]
[Round "7"]
[White "Montibelli, Alberto"]
[Black "Ormella, Daniele"]
[Result "1-0"]
[WhiteElo "1879"]
[BlackElo "1670"]
[PlyCount "61"]
[EventDate "2009.10.23"]

1. d4 d5 2. Nf3 Nf6 3. c4 e6 4. Nc3 Be7 5. Bg5 Nbd7 6. e3 O-O 7. Rc1 c6 8. Bd3
dxc4 9. Bxc4 h6 10. Bh4 Nb6 11. Bd3 Nfd7 12. Bg3 c5 13. O-O a6 14. Qe2 cxd4 15.
Nxd4 Nf6 16. Rfd1 Bd6 17. Nxe6 Bxe6 18. Bxd6 Re8 19. Bg3 Nbd7 20. b3 Qa5 21.
Qb2 Nc5 22. Bb1 Ncd7 23. e4 Qg5 24. Qd2 Qxd2 25. Rxd2 Rac8 26. Rdd1 Bg4 27. f3
Bh5 28. Re1 Nc5 29. e5 Nfd7 30. Nd5 Ne6 31. Rxc8 1-0

[Event "Festival B"]
[Site "Torino ITA"]
[Date "2009.12.05"]
[Round "2"]
[White "Dente, Santiago"]
[Black "Bergoglio, Luca"]
[WhiteElo "1437"]
[BlackElo "1443"]
[Result "1-0"]
[PlyCount "63"]
[EventDate "2009.12.04"]

1. e4 b6 2. d4 Bb7 3. Nc3 e6 4. Nf3 Bb4 5. Bd3 d6 6. Bd2 Bxc3 7. Bxc3 Nf6 8. e5
Ne4 9. Bxe4 Bxe4 10. Qe2 Bd5 11. Bd2 Nc6 12. c4 Bxf3 13. gxf3 Nxd4 14. Qe4 dxe5
15. Rc1 O-O 16. Rg1 Qh4 17. Qxh4 Nxf3+ 18. Ke2 Nxh4 19. Bh6 Ng6 20. Bd2 Rad8
21. c5 Rd4 22. Be3 Rb4 23. b3 Nf4+ 24. Kf3 Nd3 25. Rc3 e4+ 26. Ke2 bxc5 27. Bh6
Rd8 28. Rxg7+ Kh8 29. Rxf7 Ne5 30. Rxc7 Rbd4 31. Bg7+ Kg8 32. Bxe5 1-0

[Event "Festival B"]
[Site "Torino ITA"]
[Date "2009.12.05"]
[Round "3"]
[White "Buffa Sabarino, Pietro"]
[Black "Gallo, Ivan"]
[WhiteElo "1458"]
[BlackElo "1404"]
[Result "0-1"]
[PlyCount "74"]
[EventDate "2009.12.04"]

1. e4 e5 2. Nf3 Nf6 3. Bc4 c6 4. Nc3 d5 5. exd5 cxd5 6. Bb5+ Bd7 7. d4 e4 8.
Ne5 Bb4 9. Bxd7+ Nbxd7 10. O-O Bxc3 11. bxc3 O-O 12. Re1 Re8 13. Nxd7 Qxd7 14.
Bf4 Qc6 15. Rb1 b6 16. Rb3 Rac8 17. g3 Qa4 18. a3 Qa5 19. Bd2 Qa6 20. Bg5 Rc6
21. f3 Qc8 22. fxe4 Nxe4 23. Bd2 Qh3 24. Rb5 Rf6 25. Qe2 Kf8 26. Bf4 Rfe6 27.
Qg2 Qxg2+ 28. Kxg2 Nxc3 29. Rxe6 Rxe6 30. Rb3 Re2+ 31. Kh3 Rxc2 32. Bb8 Ne2 33.
Re3 Ng1+ 34. Kg4 g6 35. Bd6+ Kg7 36. Be5+ f6 37. Bb8 h5+ 0-1

[Event "XLI C.to Italiano a squadre A1"]
[Site "ITA"]
[Date "2009.03.20"]
[Round "1"]
[White "Kreuzer, Martin"]
[Black "Pulito, Alberto"]
[Result "1-0"]
[WhiteElo "2323"]
[BlackElo "2251"]
[PlyCount "75"]
[EventDate "2009.02.08"]

1. e4 e6 2. d4 d5 3. Nc3 Bb4 4. Nge2 dxe4 5. a3 Be7 6. Nxe4 Nf6 7. Qd3 Nbd7 8.
Bf4 Nxe4 9. Qxe4 Nf6 10. Qf3 O-O 11. O-O-O Qd5 12. Bxc7 Bd7 13. Qxd5 Nxd5 14.
Ba5 Rfc8 15. Kb1 b6 16. Bd2 a5 17. Nf4 b5 18. Nxd5 exd5 19. Bd3 Bf6 20. Be3 b4
21. axb4 axb4 22. b3 Ra5 23. Kb2 g6 24. Ra1 Rac5 25. Kb1 Rc3 26. Rd1 Bg4 27.
Rd2 Kg7 28. Ra7 Rb8 29. h3 Be6 30. Re2 Bf5 31. Bxf5 gxf5 32. Rd7 f4 33. Bxf4
Ra8 34. Be5 Rc6 35. Rxd5 Rca6 36. Bxf6+ Kxf6 37. Kc1 Rc8 38. Rb5 1-0

[Event "XLI C.to Italiano a squadre A1"]
[Site "ITA"]
[Date "2009.03.21"]
[Round "2"]
[White "Marelli, Mauro"]
[Black "Bellia, Fabrizio"]
[Result "0-1"]
[WhiteElo "2256"]
[BlackElo "2413"]
[PlyCount "155"]
[EventDate "2009.02.08"]

1. d4 Nf6 2. Nf3 e6 3. c4 b6 4. Nc3 Bb7 5. e3 Bb4 6. Bd2 O-O 7. Be2 c5 8. O-O
cxd4 9. exd4 d5 10. cxd5 Bxd5 11. Nxd5 Nxd5 12. Bxb4 Nxb4 13. Qd2 N8c6 14. a3
Nd5 15. Bc4 Qd6 16. Rfd1 Rfd8 17. Rac1 Rac8 18. Bxd5 Qxd5 19. Rc3 Na5 20. h3 f6
21. Rxc8 Rxc8 22. Rc1 Nc6 23. Qf4 h6 24. h4 Rd8 25. Qc7 Nxd4 26. Nxd4 Qxd4 27.
Qxa7 Qxb2 28. Re1 e5 29. Qa6 Kh7 30. Qb7 Rd4 31. g3 Ra4 32. Re3 Qb1+ 33. Kg2
Rd4 34. Rc3 Qg6 35. Kh2 f5 36. Qb8 Qd6 37. Qc8 Qd7 38. Qxd7 Rxd7 39. Rb3 Rd6
40. Rb5 Re6 41. Kg2 Kg6 42. Kf3 Kf6 43. Ke3 Rc6 44. a4 e4 45. a5 bxa5 46. Rxa5
g5 47. hxg5+ hxg5 48. Rb5 Rc3+ 49. Ke2 Kg6 50. Re5 Kf6 51. Rb5 f4 52. gxf4 gxf4
53. Rh5 Ke6 54. Ra5 Rd3 55. Ra8 Rd6 56. Ra5 Rd5 57. Ra8 Ke5 58. Re8+ Kd4 59.
Kd2 Ra5 60. Rd8+ Ke5 61. Rf8 Ra2+ 62. Ke1 Rb2 63. Rf7 Rc2 64. Rf8 Ra2 65. Rf7
Ra4 66. Rf8 Ra6 67. Rf7 Rf6 68. Re7+ Kf5 69. Ke2 Rb6 70. Rf7+ Kg5 71. Rg7+ Kf6
72. Rg8 Rb2+ 73. Ke1 Kf5 74. Rg7 Rb8 75. Ke2 f3+ 76. Ke1 Rb1+ 77. Kd2 Rf1 78.
Ke3 0-1

[Event "XLI C.to Italiano a squadre A1"]
[Site "ITA"]
[Date "2009.03.21"]
[Round "3"]
[White "Bellia, Fabrizio"]
[Black "Pulito, Alberto"]
[Result "1-0"]
[WhiteElo "2413"]
[BlackElo "2251"]
[PlyCount "157"]
[EventDate "2009.02.08"]

1. e4 e6 2. d4 d5 3. Nd2 Be7 4. Ngf3 Nf6 5. Bd3 c5 6. exd5 Qxd5 7. dxc5 Nbd7 8.
O-O Nxc5 9. Bc4 Qd6 10. Qe2 O-O 11. b3 b6 12. Bb2 Bb7 13. Ne5 a6 14. a4 Qc7 15.
Rfe1 Rad8 16. Nf1 Nce4 17. Red1 Bb4 18. Rxd8 Rxd8 19. Rd1 Rxd1 20. Qxd1 Bc3 21.
Bxc3 Nxc3 22. Qd4 Ncd5 23. h3 h6 24. f3 a5 25. Ne3 Nxe3 26. Qxe3 Qd6 27. Bd3
Nd5 28. Qd4 Qa3 29. Nc4 Qc1+ 30. Kh2 Qg5 31. h4 Qe7 32. Kg1 Qc7 33. Be4 Qf4 34.
Qe5 Qxe5 35. Nxe5 f5 36. Bxd5 exd5 37. Kf2 Kf8 38. Ke3 Ke7 39. Kd4 Ke6 40. h5
f4 41. c3 Ba6 42. Ng6 Kf5 43. Ne7+ Kg5 44. Nxd5 Bf1 45. Ke4 Kxh5 46. Nxf4+ Kh4
47. g4 Kg3 48. Ke3 g5 49. Nh5+ Kg2 50. Ng7 Ba6 51. Nf5 Bb7 52. Nd4 Bd5 53. b4
Bc4 54. Ke4 Kf2 55. bxa5 bxa5 56. f4 h5 57. gxh5 g4 58. h6 Bg8 59. Nf5 Bh7 60.
Ke5 Kf3 61. c4 Bxf5 62. Kxf5 g3 63. h7 g2 64. h8=Q g1=Q 65. Qc3+ Ke2 66. Qxa5
Qb1+ 67. Kf6 Kf3 68. Qd5+ Kg3 69. a5 Qb8 70. f5 Qh8+ 71. Ke7 Qg7+ 72. Kd6 Kf4
73. Kc6 Qa7 74. f6 Qa6+ 75. Kd7 Qa7+ 76. Ke6 Qe3+ 77. Kf7 Qa7+ 78. Kf8 Qb8+ 79.
Kg7 1-0

[Event "XLI C.to Italiano a squadre A1"]
[Site "ITA"]
[Date "2009.03.21"]
[Round "3"]
[White "Pulito, Alberto"]
[Black "Marelli, Mauro"]
[Result "0-1"]
[WhiteElo "2251"]
[BlackElo "2256"]
[PlyCount "78"]
[EventDate "2009.02.08"]

1. e4 c5 2. c3 d5 3. exd5 Qxd5 4. d4 Nc6 5. Nf3 cxd4 6. cxd4 Bg4 7. Be2 Nf6 8.
Nc3 Qa5 9. h3 Bxf3 10. Bxf3 e6 11. O-O Bb4 12. Be3 O-O 13. Qb3 Rad8 14. a3 Bxc3
15. bxc3 Rd7 16. Rfd1 Rfd8 17. Rac1 h6 18. a4 Qc7 19. Qb2 Nd5 20. c4 Nxe3 21.
fxe3 Ne7 22. Qf2 Qa5 23. c5 Nc6 24. Rf1 Qc7 25. Be4 Nb4 26. Rc4 a5 27. Rfc1 Nc6
28. Rb1 Nb4 29. Rcxb4 axb4 30. Rxb4 Qa5 31. Qb2 e5 32. Bxb7 exd4 33. c6 Rd6 34.
Rxd4 Qe1+ 35. Kh2 Qxe3 36. Rg4 Rd4 37. Rxd4 Rxd4 38. Qc2 Qf4+ 39. Kh1 Rc4 0-1

[Event "XLI C.to Italiano a squadre A1"]
[Site "ITA"]
[Date "2009.03.21"]
[Round "3"]
[White "Trabattoni, Franco"]
[Black "Marelli, Mauro"]
[Result "1-0"]
[WhiteElo "2329"]
[BlackElo "2256"]
[PlyCount "63"]
[EventDate "2009.02.08"]

1. d4 Nf6 2. Nf3 d5 3. c4 e6 4. g3 Be7 5. Bg2 O-O 6. O-O Re8 7. Qc2 Nbd7 8.
Nbd2 c6 9. b3 Nf8 10. Bb2 Ng6 11. e4 dxe4 12. Nxe4 Nxe4 13. Qxe4 Bd7 14. Rfd1
Bf6 15. Ne5 Qc7 16. f4 Nxe5 17. fxe5 Be7 18. Rf1 Rf8 19. Bc1 f5 20. exf6 Rxf6
21. Bf4 Bd6 22. Bg5 Rxf1+ 23. Rxf1 Rf8 24. c5 Rxf1+ 25. Bxf1 Bf8 26. Bc4 Qc8
27. Bd3 g6 28. h4 Bg7 29. h5 Qe8 30. h6 Bh8 31. Bc4 Qf7 32. g4 1-0

[Event "XLI C.to Italiano a squadre A1"]
[Site "ITA"]
[Date "2009.03.22"]
[Round "4"]
[White "Burlando, Alessandro"]
[Black "Astengo, Marcello"]
[Result "1/2-1/2"]
[WhiteElo "2171"]
[BlackElo "2123"]
[PlyCount "53"]
[EventDate "2009.02.08"]

1. d4 d5 2. c4 e6 3. Nc3 c6 4. e3 Nf6 5. Nf3 Nbd7 6. Qc2 Bd6 7. b3 O-O 8. Bd3
Re8 9. O-O dxc4 10. bxc4 e5 11. Ng5 Nf8 12. c5 Bc7 13. dxe5 Rxe5 14. f4 Rxc5
15. Ba3 Rxg5 16. fxg5 Ng4 17. Rxf7 Bxh2+ 18. Kh1 Bd6 19. Bc4 Kh8 20. Rd1 Qxg5
21. Bxd6 Be6 22. Bxe6 Nxe3 23. Qd2 Nxe6 24. Rf3 Nxd1 25. Qxd1 Rd8 26. Rd3 Qf5
27. Rd2 {...} 1/2-1/2

[Event "XLI C.to Italiano a squadre A1"]
[Site "ITA"]
[Date "2009.03.22"]
[Round "4"]
[White "Gallucci, Alessio"]
[Black "Radice, Luca"]
[Result "0-1"]
[WhiteElo "2205"]
[BlackElo "2096"]
[PlyCount "104"]
[EventDate "2009.02.08"]

1. e4 e6 2. d4 d5 3. Nc3 Bb4 4. e5 Qd7 5. Qg4 f5 6. Qg3 b6 7. a3 Bf8 8. h4 Ba6
9. Nge2 c5 10. b4 cxd4 11. b5 dxc3 12. bxa6 Nxa6 13. Nd4 Nc7 14. a4 Kf7 15. Ba3
Bc5 16. Qxc3 Bxd4 17. Qxd4 Ne7 18. Bd6 Nc6 19. Qf4 Ne8 20. Ba3 Qc7 21. Bb2 Nf6
22. Bd3 Nh5 23. Qe3 d4 24. Qf3 g6 25. Kf1 Rad8 26. Re1 Nb4 27. g4 Nxd3 28. cxd3
Ng7 29. Rc1 Qd7 30. h5 Rc8 31. h6 Rxc1+ 32. Bxc1 Rc8 33. Kg2 Ne8 34. gxf5 exf5
35. Re1 Ke6 36. Qd1 Qc6+ 37. Kg3 Qc2 38. Qxc2 Rxc2 39. Bg5 Rc3 40. Rd1 Nc7 41.
f3 Nd5 42. Bc1 Rc2 43. Bg5 Nc3 44. Ra1 Ra2 45. Rxa2 Nxa2 46. f4 Nb4 47. Kf3
Nxd3 48. Bh4 Nc5 49. a5 bxa5 50. Be1 a4 51. Bb4 Kd5 52. Ke2 Ne6 0-1

[Event "XLI C.to Italiano a squadre A1"]
[Site "ITA"]
[Date "2009.03.22"]
[Round "4"]
[White "Malfagia, Andrea"]
[Black "Vallejo Pons, Francisco"]
[Result "0-1"]
[WhiteElo "2263"]
[BlackElo "2702"]
[PlyCount "76"]
[EventDate "2009.02.08"]

1. d4 Nf6 2. c4 e6 3. Nc3 Bb4 4. Bg5 h6 5. Bh4 c5 6. d5 b5 7. dxe6 fxe6 8. cxb5
a6 9. e3 O-O 10. Bd3 axb5 11. Nge2 c4 12. Bc2 d5 13. O-O Qd7 14. Nd4 Ra5 15. f3
Bc5 16. a3 e5 17. Bf5 Qe8 18. Bxc8 Qxc8 19. Bxf6 gxf6 20. Nxd5 exd4 21. exd4
Rd8 22. Qd2 Rxd5 23. Qxa5 Nc6 24. Qe1 Bxd4+ 25. Kh1 Bxb2 26. Qe4 Rg5 27. f4 Rg7
28. Rad1 Bxa3 29. Qd5+ Kh8 30. Rf3 Bf8 31. Qxb5 Nd4 32. Rxd4 Rb7 33. Qd5 c3 34.
Rd1 c2 35. Rc1 Rb1 36. Qd2 Bb4 37. Qe3 Rxc1+ 38. Qxc1 Bd2 0-1

[Event "XLI C.to Italiano a squadre A1"]
[Site "ITA"]
[Date "2009.03.22"]
[Round "5"]
[White "Trabattoni, Franco"]
[Black "Pulito, Alberto"]
[Result "0-1"]
[WhiteElo "2329"]
[BlackElo "2251"]
[PlyCount "88"]
[EventDate "2009.02.08"]

1. d4 d5 2. Nf3 Nf6 3. c4 e6 4. g3 Be7 5. Bg2 O-O 6. O-O dxc4 7. Qc2 a6 8. Qxc4
b5 9. Qc2 Bb7 10. Bd2 Ra7 11. Nc3 Nbd7 12. Rfd1 Qa8 13. Be3 b4 14. Na4 Be4 15.
Qc1 Bd5 16. h3 Rc8 17. Nc5 Nb6 18. Bg5 h6 19. Bxf6 Bxf6 20. Qc2 Rd8 21. e4 Bc6
22. Rac1 a5 23. Ne5 Bxe5 24. dxe5 Rxd1+ 25. Rxd1 Qe8 26. Bf1 Ra8 27. Na6 Rc8
28. f3 Bb7 29. Qc5 Qa4 30. Qd4 Qxa2 31. Nxc7 Na4 32. Rd2 Qb1 33. Kf2 Qc1 34.
Nb5 Rc2 35. Rxc2 Qxc2+ 36. Kg1 Qc5 37. Qxc5 Nxc5 38. Kf2 Ba6 39. Ke3 Na4 40. b3
Nc5 41. Bc4 Bxb5 42. Bxb5 Nxb3 43. Kd3 Nc5+ 44. Ke3 Nb3 0-1

[Event "Autunno Scacchistico A"]
[Site "Venezia ITA"]
[Date "2009.10.30"]
[Round "1"]
[White "Aleksic, Nenad"]
[Black "Omeri, Silvan"]
[Result "1-0"]
[WhiteElo "2374"]
[BlackElo "2113"]
[PlyCount "89"]
[EventDate "2009.10.30"]

1. e4 Nf6 2. d3 d5 3. Nd2 dxe4 4. dxe4 e5 5. Ngf3 Bg4 6. Be2 Nc6 7. c3 Bc5 8.
O-O O-O 9. b4 Bxf3 10. Bxf3 Bb6 11. Qc2 Qe7 12. Nc4 Qe6 13. Qe2 Ne7 14. Bb2 c6
15. a4 Bc7 16. a5 b5 17. Ne3 a6 18. c4 bxc4 19. Nxc4 Rab8 20. Bc3 Rfd8 21. Rfd1
Rxd1+ 22. Rxd1 g5 23. g3 c5 24. bxc5 Rb5 25. Nb6 Rxc5 26. Qe3 Bxb6 27. axb6 Rb5
28. Qxg5+ Ng6 29. h4 Kg7 30. Bd2 Ng8 31. h5 h6 32. Qf5 N6e7 33. Qxe6 fxe6 34.
Be3 Nf6 35. Be2 Rb2 36. Bxa6 Nxe4 37. b7 Nc6 38. Rc1 Nb8 39. Rc7+ Kf6 40. Bd3
Nd6 41. Bxh6 Nf5 42. Bxf5 exf5 43. Be3 Ke6 44. h6 f4 45. Bc1 1-0

[Event "Autunno Scacchistico A"]
[Site "Venezia ITA"]
[Date "2009.10.30"]
[Round "1"]
[White "Capaliku, Aleks"]
[Black "Giuriati, Paolo"]
[Result "1-0"]
[WhiteElo "2084"]
[BlackElo "2224"]
[PlyCount "79"]
[EventDate "2009.10.30"]

1. f4 Nf6 2. Nf3 g6 3. e3 Bg7 4. d4 O-O 5. Bd3 d6 6. O-O Nc6 7. c3 e5 8. dxe5
dxe5 9. e4 Qe7 10. Qc2 Re8 11. fxe5 Ng4 12. h3 Ngxe5 13. Nxe5 Nxe5 14. Bf4 Nxd3
15. Qxd3 Be6 16. Nd2 Rad8 17. Qe3 c5 18. b3 Rd7 19. e5 Bf5 20. Nc4 Rd3 21. Qe1
Qd7 22. Rd1 f6 23. Nd6 Re7 24. Nxf5 Qxf5 25. Bh2 Qd7 26. Rxd3 Qxd3 27. Qf2 fxe5
28. Qxc5 Qd8 29. Qxa7 e4 30. Qc5 e3 31. Qc4+ Kh8 32. Re1 h6 33. Bf4 Qd2 34. Re2
Qd1+ 35. Kh2 b5 36. Qxb5 Qf1 37. Qb8+ Kh7 38. Rxe3 Rd7 39. Be5 Bf8 40. Rf3 1-0

[Event "Autunno Scacchistico A"]
[Site "Venezia ITA"]
[Date "2009.10.30"]
[Round "1"]
[White "Ceccarini, Marco"]
[Black "Gastiaburo, Hernan"]
[Result "1/2-1/2"]
[WhiteElo "2087"]
[BlackElo "2251"]
[PlyCount "50"]
[EventDate "2009.10.30"]

1. e4 c5 2. Nf3 e6 3. g3 Nc6 4. Bg2 d5 5. exd5 exd5 6. O-O Bd6 7. d4 Nge7 8.
Nc3 a6 9. Be3 c4 10. Qd2 O-O 11. Bf4 Bb4 12. a3 Ba5 13. b4 cxb3 14. cxb3 Bg4
15. Ne5 Nxe5 16. Bxe5 Qd7 17. b4 Bb6 18. Rfe1 f6 19. Bf4 Rfe8 20. h4 Rac8 21.
Re3 Be6 22. Na4 Ba7 23. Nc5 Bxc5 24. bxc5 Nc6 25. Rae1 Bf7 1/2-1/2

[Event "Autunno Scacchistico A"]
[Site "Venezia ITA"]
[Date "2009.10.30"]
[Round "1"]
[White "Dinter, Brian"]
[Black "Golubovic, Boris"]
[Result "1/2-1/2"]
[WhiteElo "2118"]
[BlackElo "2381"]
[PlyCount "34"]
[EventDate "2009.10.30"]

1. d4 d5 2. Nf3 Nf6 3. e3 Bf5 4. c4 c6 5. cxd5 cxd5 6. Nc3 Nc6 7. Ne5 Bd7 8.
Qb3 Na5 9. Qd1 e6 10. Bd3 Be7 11. O-O O-O 12. f4 Rc8 13. Qe2 a6 14. Bd2 b5 15.
b3 Bb4 16. Rac1 Ba3 17. Rc2 Nb7 1/2-1/2

[Event "Autunno Scacchistico A"]
[Site "Venezia ITA"]
[Date "2009.10.30"]
[Round "1"]
[White "Genocchio, Daniele"]
[Black "Bianchi, Andrea"]
[Result "1-0"]
[WhiteElo "2455"]
[BlackElo "2152"]
[PlyCount "47"]
[EventDate "2009.10.30"]

1. d4 d5 2. c4 e6 3. Nc3 Be7 4. cxd5 exd5 5. Bf4 c6 6. Qc2 g6 7. f3 Nf6 8.
O-O-O Nh5 9. Bh6 Bg5+ 10. Bxg5 Qxg5+ 11. Kb1 O-O 12. e4 Be6 13. g4 Ng7 14. h4
Qe3 15. h5 Nd7 16. Bd3 dxe4 17. Bxe4 Nf6 18. Nh3 Nxe4 19. Nxe4 f5 20. Rd3 Qh6
21. Nf6+ Rxf6 22. g5 Qxh5 23. gxf6 Ne8 24. Qg2 1-0